000 01405cam a22002294a 4500
005 20250605164017.0
008 250528s ||||||||||||||||||||||||d
035 _a16197
020 _a137417861
040 _aGR-AtMCL
_bgre
_dGR-AtMCL
_eAACR2
245 1 _aChemistry / For Changing Times: Eighth Edition
250 _a8th
260 _bPrentice Hall,
_c1998
300 _a678
520 _aPreface, Chemistry: A Science for All Seasons, Atoms: Are They for Real?, Atomic Structure: Images of the Invisible, Nuclear Chemistry: The Heart of Matter, Chemical Bonds: The Ties That Bind, Names and Formulas and Equations: The Language of Chemistry, Acids and Bases: Please Pass the Protons, Oxidation and Reduction: Burn and Unburn, Organic Chemistry: The Infinite Variety of Carbon Compounds, Polymers: Giants Among Molecules, Chemistry of the Earth: Metals and Minerals, Air: The Breath of Life, Water: Rivers of Life; Seas of Sorrows, Energy: A Fuels Paradise, Biochemistry: A Molecular View of Life, Food: Those Incredible Edible Chemicals, Household Chemicals: Helps and Hazards, Fitness and Health: Some Chemical Connections, Drugs: Chemical Cures and Comforts and Cautions, Poisons: Chemical Toxicology, Appendices, Photo Credits, Index.
700 1 _aHill Cynthia S
_92269
700 1 _aHill John W
_92268
700 1 _aKolb Doris K
_92270
942 _cBK
999 _c1728
_d1728